Simulácia dobročinnej akcie na Podnikovohospodárskej fakulte Ekonomickej univerzity v Bratislave so sídlom v Košiciach diplomová práca

Gespeichert in:
Bibliographische Detailangaben
1. Verfasser: Luberdová, Barbora
Körperschaft: Podnikovohospodárska fakulta EU so sídlom v Košiciach. Katedra manažmentu
Weitere Verfasser: Bašistová, Alena
Format: Buch
Sprache:Slowakisch
Veröffentlicht: Košice 2011
Tags: Tag hinzufügen
Keine Tags, Fügen Sie das erste Tag hinzu!

MARC

LEADER 00000nbm a2200000 4500
001 0130519
005 20161109101542.8
041 0 |a slo 
044 |a SK 
245 1 0 |a Simulácia dobročinnej akcie na Podnikovohospodárskej fakulte Ekonomickej univerzity v Bratislave so sídlom v Košiciach  |b diplomová práca  |c Barbora Luberdová ; školiteľ: Alena Bašistová 
264 1 |a Košice  |c 2011 
300 |a 78 s. 
100 1 |a Luberdová, Barbora 
700 1 |a Bašistová, Alena 
710 2 |a Podnikovohospodárska fakulta EU so sídlom v Košiciach. Katedra manažmentu